Operations Research : (Record no. 1171)

MARC details
000 -LEADER
fixed length control field 01020nac a22002531u 4500
008 - FIXED-LENGTH DATA ELEMENTS--GENERAL INFORMATION
fixed length control field 090225t2003 xxu|||||r|||| 001 0 eng d
010 ## - LIBRARY OF CONGRESS CONTROL NUMBER
LC control number 2002728458
020 ## - INTERNATIONAL STANDARD BOOK NUMBER
International Standard Book Number 0471380040
020 ## - INTERNATIONAL STANDARD BOOK NUMBER
International Standard Book Number 9780471380047
035 ## - SYSTEM CONTROL NUMBER
System control number (OCoLC)ocm51032951
082 04 - DEWEY DECIMAL CLASSIFICATION NUMBER
Classification number 658.4034
Item number JEN
Edition number 22
100 ## - MAIN ENTRY--PERSONAL NAME
Personal name Jensen, Paul A.,
9 (RLIN) 22569
245 10 - TITLE STATEMENT
Title Operations Research :
Remainder of title Models and Methods /
Statement of responsibility, etc Paul A. Jensen and Jonathan F. Bard.
260 ## - PUBLICATION, DISTRIBUTION, ETC. (IMPRINT)
Place of publication, distribution, etc Hoboken, N.J. :
-- [Great Britain] :
Name of publisher, distributor, etc Wiley, 2003
Date of publication, distribution, etc c2003.
300 ## - PHYSICAL DESCRIPTION
Extent xii, 667 p. :
Other physical details ill. ;
Dimensions 26 cm.
504 ## - BIBLIOGRAPHY, ETC. NOTE
Bibliography, etc Includes bibliographical references and index.
650 #0 - SUBJECT ADDED ENTRY--TOPICAL TERM
Topical term or geographic name as entry element Operations research.
9 (RLIN) 22570
650 #0 - SUBJECT ADDED ENTRY--TOPICAL TERM
Topical term or geographic name as entry element Operations research
General subdivision Mathematical models.
9 (RLIN) 22571
650 #0 - SUBJECT ADDED ENTRY--TOPICAL TERM
Topical term or geographic name as entry element Programming (Mathematics)
9 (RLIN) 22572
655 ## - INDEX TERM--GENRE/FORM
-- 2200
Genre/form data or focus term Operations Research- year 2.
Form subdivision
General subdivision Computer Science
Chronological subdivision Semester 2. 2008/2009
700 1# - ADDED ENTRY--PERSONAL NAME
Personal name Bard, Jonathan F.
9 (RLIN) 22573
856 41 - ELECTRONIC LOCATION AND ACCESS
Materials specified Table of contents
Uniform Resource Identifier <a href="http://www.loc.gov/catdir/toc/wiley031/2002728458.html">http://www.loc.gov/catdir/toc/wiley031/2002728458.html</a>
942 ## - ADDED ENTRY ELEMENTS (KOHA)
Item type Book - Borrowing
Call number prefix 658.4034JEN
Source of classification or shelving scheme Dewey Decimal Classification
Holdings
Withdrawn status Item status Source of classification or shelving scheme Damaged status Not for loan Home library Current library Shelving location Date acquired Cost, normal purchase price Total Checkouts Total Renewals Full call number Barcode Date last seen Date last borrowed Cost, replacement price Koha item type Vendor Source of acquisition
  Lost and Paid For Dewey Decimal Classification     Central Library Central Library First floor 24/08/2006 205.00 5 45 658.4034 JEN 000003321 14/04/2016 14/04/2016 937.50 Book - Borrowing    
  Lost and Paid For Dewey Decimal Classification     Central Library Central Library First floor 08/03/2009   1   658.4034 JEN 000015315 28/04/2009 28/04/2009   Book - Borrowing Baccah  
    Dewey Decimal Classification     Central Library Central Library First floor 08/03/2009   4 12 658.4034 JEN 000015316 15/07/2025 08/02/2011   Book - Borrowing Baccah  
    Dewey Decimal Classification     Central Library Central Library First floor 08/03/2009   3   658.4034 JEN 000015317 15/07/2025 03/05/2010   NB - Book (Non borrowing) Baccah  
    Dewey Decimal Classification     Central Library Central Library First floor 13/03/2011   1 21 658.4034 JEN 000022955 15/07/2025 20/02/2019   Book - Borrowing Baccah  
    Dewey Decimal Classification     Central Library Central Library First floor 13/03/2011   2 17 658.4034 JEN 000022956 15/07/2025 04/03/2018   Book - Borrowing Baccah  
    Dewey Decimal Classification     Central Library Central Library First floor 12/03/2012   1 2 658.4034 JEN 000026427 15/07/2025 06/04/2017   Book - Borrowing Baccah  
    Dewey Decimal Classification     Central Library Central Library First floor 12/03/2012   2 1 658.4034 JEN 000026428 15/07/2025 06/04/2017   Book - Borrowing Baccah  
    Dewey Decimal Classification     Central Library Central Library First floor 12/03/2012   1 2 658.4034 JEN 000026429 15/07/2025 06/04/2017   Book - Borrowing Baccah